000 00568 a2200157 4500
003 OSt
005 20250610134839.0
008 250528b |||||||| |||| 00| 0 eng d
020 _a9783030145323
040 _coclc
082 _a332.10285
_bARS/F
245 _aThe Future of Finance:
_b The Impact of FinTech, AI, and Crypto on Financial Services /
_cHenri Arslanian and Fabrice Fischer
260 _aCham, Switzerland:
_bSpringer International Publishing,
_c2019.
300 _a312 pages
942 _2ddc
_cBK
_h332.10285
_iARS/F
_k332.10285
_mARS/F
999 _c44561
_d44561